Polen: Nach der Wahl ist vor der Wahl
| Titel: | Polen: Nach der Wahl ist vor der Wahl / Adam Krzemiński |
|---|---|
| Verfasser: | |
| In: |
Europäische Rundschau, Band 47, Heft 4 (2019), Seite 67-74 alle Artikel anzeigen |
| Veröffentlicht: | 2019 |
| Format: | Aufsatz |
| Sprache: | Deutsch |
X
alg: 52322241 001A $03025:06-11-24 001B $01999:06-11-24 $t22:46:55.000 001D $03025:06-11-24 001U $0utf8 001X $00 002@ $0Aou 002C $aText $btxt $2rdacontent 002D $aohne Hilfsmittel zu benutzen $bn $2rdamedia 002E $aBand $bnc $2rdacarrier 003@ $0523222416 007A $0523222416 $aHEB 010@ $ager 010E $erda 011@ $a2019 021A $aPolen: Nach der Wahl ist vor der Wahl $hAdam Krzemiński 028A $BVerfasser $#Krzeminski, Adam $#Krzeminski, Adam $4aut $7124485472 $8Krzemiński, Adam$Z1945- [Tp3] $9155157043 031A $d47 $e4 $h67-74 $j2019 039B $aEnthalten in $8--Abvc--. Europäische Rundschau. - Wien : Herold, Druck- und Verl.-Ges., 1973-[2020]. - ISSN 0304-2782 $x201900000470004933 $9046862706 044K $RPolen-Litauen $RKongresspolen $RWestgalizien $RStaat Krakau $#Generalgouvernement Polen $#Polska $#Rzeczpospolita Polska $#Polska Rzeczpospolita Ludowa $#Poland $#Pologne $#République Polonaise $#Generalne Gubernatorstwo w Polsce $#Polish People's Republic $#Polska Rzeczpospolita Polen $#PRL $#RP $#Polen Generalgouvernement $#Polska Generalgouvernement $#Besetzte Polnische Gebiete $#Besetztes Gebiet in Polen $#Okupowane Polskie Obszary $#Obszary Okupowane w Polsce $#Volksrepublik Polen $#Polska Rosyjska $#Republic Polen $#Respublika Pol'ša $#Pol'skaja Narodnaja Respublika $#République de Pologne $#Polen Links der Weichsel $#Polska po Lewej Stronie Wisły $#Lenkija $#Polija $#Gubernija Carstva Pol'skago $#Republik Polen $74046496-9 $8Polen [Tg1] $9085129801 044K $RWahl $#Parlements Élections... $#Parlamentswahl $#Parlament Wahl $74173374-5 $8Parlamentswahl [Ts1] $908580455X 045F $a909 $eDDC23BSB 045F/01 $a909 045F/03 $f090512 045F/03 $g438 045R $aGeschichte 2015-2019 045T $a3,6 $a7,41 lok: 52322241 78 exp: 52322241 78 1 #EPN 201B/01 $006-11-24 $t11:59:25.000 201C/01 $006-11-24 201U/01 $0utf8 203@/01 $01281563749 208@/01 $a06-11-24 $be 209A/01 $a/ $f000 $x00 209A/01 $ab*p $x01 209S/01 $uhttps://anno.onb.ac.at/cgi-content/anno-plus?aid=eur&datum=2019&teil=0104&page=479 $XVolltext 220C/01 $apgar 244Z/01 $#Generalgouvernement Polen $#Polska $#Rzeczpospolita Polska $#Polska Rzeczpospolita Ludowa $#Poland $#Pologne $#République Polonaise $#Generalne Gubernatorstwo w Polsce $#Polish People's Republic $#Polska Rzeczpospolita Polen $#PRL $#RP $#Polen Generalgouvernement $#Polska Generalgouvernement $#Besetzte Polnische Gebiete $#Besetztes Gebiet in Polen $#Okupowane Polskie Obszary $#Obszary Okupowane w Polsce $#Volksrepublik Polen $#Polska Rosyjska $#Republic Polen $#Respublika Pol'ša $#Pol'skaja Narodnaja Respublika $#République de Pologne $#Polen Links der Weichsel $#Polska po Lewej Stronie Wisły $#Lenkija $#Polija $#Gubernija Carstva Pol'skago $#Republik Polen $74046496-9 $8--Tg1--Polen $x01 $9085129801 244Z/01 $#Electronic publications $#Publications électroniques $#Elektronische Publikation $#Computerdatei Formschlagwort $#Datei Formschlagwort $#Elektronisches Dokument $#Magnetband Formschlagwort $#Magnetbandkassette Formschlagwort $#Elektronische Ressource $#Digitale Publikation $74514269-5 $8--Ts1--Elektronische Publikation $x21 $9089274407 247C/01 $82080>Marburg/Lahn, Herder-Institut, Forschungsbibliothek, Bibliographieportal $9336309341
| LEADER | 00000caa a2200000 c 4500 | ||
|---|---|---|---|
| 001 | 523222416 | ||
| 003 | DE-603 | ||
| 005 | 20241106224655.0 | ||
| 007 | tu | ||
| 008 | 241106s2019 xx |||| | u00||u|ger c | ||
| 035 | |a (DE-599)HEB523222416 | ||
| 040 | |a DE-603 |b ger |c DE-603 |d DE-603 |e rda | ||
| 041 | |a ger | ||
| 082 | 0 | 4 | |8 1\u |a 909 |q DE-101 |2 23/BSB |
| 084 | |a 3,6 |a 7,41 |2 ssgn | ||
| 085 | |8 1\u |b 909 | ||
| 085 | |8 1\u |z 1 |s 090512 | ||
| 085 | |8 1\u |z 2 |s 438 | ||
| 100 | 1 | |a Krzemiński, Adam |d 1945- |e Verfasser |4 aut |0 (DE-603)155157043 |0 (DE-588)124485472 |2 gnd | |
| 245 | 0 | 0 | |a Polen: Nach der Wahl ist vor der Wahl |c Adam Krzemiński |
| 264 | 0 | |c 2019 | |
| 336 | |a Text |b txt |2 rdacontent | ||
| 337 | |a ohne Hilfsmittel zu benutzen |b n |2 rdamedia | ||
| 338 | |a Band |b nc |2 rdacarrier | ||
| 648 | 7 | |a Geschichte 2015-2019 |2 gnd | |
| 650 | 7 | |a Parlamentswahl |0 (DE-588)4173374-5 |0 (DE-603)08580455X |2 gnd | |
| 651 | 7 | |a Polen |0 (DE-588)4046496-9 |0 (DE-603)085129801 |2 gnd | |
| 773 | 0 | 8 | |i Enthalten in |t Europäische Rundschau |d Wien : Herold, Druck- und Verl.-Ges., 1973-[2020] |x 0304-2782 |g Band 47, Heft 4 (2019), Seite 67-74 |w (DE-603)046862706 |w (DE-600)7170-5 |
| 924 | 0 | |9 2080 |a (DE-603)1281563749 |b DE-2080 |c HES |d d |g / |k https://anno.onb.ac.at/cgi-content/anno-plus?aid=eur&datum=2019&teil=0104&page=479 | |


